[Event "Delft Prinsenstad op-C"]
[Site "Delft"]
[Date "2008.01.04"]
[Round "1"]
[White "Lont, Jolle"]
[Black "Kuijper, Hans"]
[Result "0-1"]
[WhiteElo "1500"]
[BlackElo "1634"]
[PlyCount "90"]
[EventDate "2008.01.04"]
[EventType "swiss"]
[EventRounds "6"]
[EventCountry "NED"]
[SourceTitle "EXT 2010"]
[Source "ChessBase"]
[SourceDate "2010.11.25"]
[SourceVersion "1"]
[SourceVersionDate "2010.11.25"]
[SourceQuality "1"]

1. d4 d5 2. c4 c6 3. Nf3 Nf6 4. Nc3 e6 5. e3 Nbd7 6. cxd5 exd5 7. Bd2 Bd6 8. Bd3 0-0 9. Rc1 Re8 10. 0-0 a6 11. Re1 Ne4 12. Qc2 Ndf6 13. Re2 Bg4 14. h3 Bxf3 15. gxf3 Ng5 16. Kg2 g6 17. e4 dxe4 18. fxe4 Nh5 19. e5 Be7 20. Ne4 Ne6 21. Qc3 Nef4+ 22. Kf1 Nxe2 23. Bxe2 Ng7 24. Bc4 Qd7 25. Rd1 Nf5 26. Bf4 b5 27. Bb3 a5 28. d5 cxd5 29. Bxd5 Kf8 30. e6 fxe6 31. Qh8+ Kf7 32. Qxh7+ Ng7 33. Be5 Rg8 34. Bb3 Qc6 35. Nd6+ Bxd6 36. Bxe6+ Kxe6 37. Rxd6+ Qxd6 38. Bxd6 Kxd6 39. Qxg6+ Ne6 40. Qd3+ Ke7 41. Qh7+ Rg7 42. Qh4+ Kd7 43. Qe4 Rd8 44. Qe5 Ke7 45. Qxb5 Rd1+ 0-1